[Event "DEM U10 2023"]
[Site "Willingen GER"]
[Date "2023.06.03"]
[Round "11"]
[White "Bergmann, Rafael Antonio"]
[Black "Serwane, Ruben"]
[Result "0-1"]
[Termination "normal"]
[Board "14"]
[WhiteElo "1669"]
[BlackElo "1489"]
[WhiteClock "00:01:27"]
[BlackClock "01:06:49"]
[PlyCount "100"]
[WhiteFideId "34635076"]
[BlackFideId "34660232"]
[EventCountry "GER"]
[EventRounds "11"]
[EventType "swiss"]
[EventDate "2023.05.27"]

1. e4 {[%emt 00:00:01]} e5 {[%clk 01:15:53]} {[%emt 00:00:06]} 2. Nf3 {[%clk
01:16:12]} {[%emt 00:00:17]} Nc6 {[%clk 01:16:17]} {[%emt 00:00:06]} 3. Bc4
{[%clk 01:16:34]} {[%emt 00:00:08]} Bc5 {[%clk 01:16:40]} {[%emt 00:00:07]} 4.
c3 {[%clk 01:16:56]} {[%emt 00:00:07]} Nf6 {[%clk 01:16:51]} {[%emt 00:00:21]}
5. d3 {[%clk 01:17:18]} {[%emt 00:00:07]} a6 {[%clk 01:17:01]} {[%emt
00:00:21]} 6. Bb3 {[%clk 01:17:40]} {[%emt 00:00:08]} d6 {[%clk 01:17:06]}
{[%emt 00:00:25]} 7. O-O {[%clk 01:18:01]} {[%emt 00:00:09]} Ba7 {[%clk
01:17:04]} {[%emt 00:00:33]} 8. Nbd2 {[%clk 01:18:16]} {[%emt 00:00:15]} h6
{[%clk 01:17:01]} {[%emt 00:00:32]} 9. Re1 {[%clk 01:17:42]} {[%emt 00:01:04]}
g5 {[%clk 01:17:01]} {[%emt 00:00:30]} 10. Nf1 {[%clk 01:14:25]} {[%emt
00:03:47]} g4 {[%clk 01:17:04]} {[%emt 00:00:27]} 11. Nh4 {[%clk 01:14:24]}
{[%emt 00:00:30]} Nxe4 {[%clk 01:16:59]} {[%emt 00:00:36]} 12. dxe4 {[%emt
00:00:47]} Qxh4 {[%clk 01:17:14]} {[%emt 00:00:12]} 13. Be3 {[%clk 01:13:52]}
{[%emt 00:00:48]} Bxe3 {[%clk 01:17:18]} {[%emt 00:00:27]} 14. Nxe3 {[%clk
01:14:06]} {[%emt 00:00:15]} Bd7 {[%clk 01:16:55]} {[%emt 00:00:53]} 15. Qe2
{[%clk 01:07:06]} {[%emt 00:07:28]} Qg5 {[%clk 01:16:18]} {[%emt 00:01:08]} 16.
Nd5 {[%clk 01:05:18]} {[%emt 00:02:18]} O-O-O {[%clk 01:15:43]} {[%emt
00:01:05]} 17. Bd1 {[%clk 01:03:45]} {[%emt 00:02:03]} h5 {[%clk 01:13:54]}
{[%emt 00:02:19]} 18. Ne3 {[%clk 01:03:50]} {[%emt 00:00:21]} Rdg8 {[%clk
01:14:06]} {[%emt 00:00:22]} 19. g3 {[%clk 01:03:06]} {[%emt 00:01:14]} h4
{[%clk 01:14:16]} {[%emt 00:00:21]} 20. Rc1 {[%clk 01:02:58]} {[%emt 00:00:38]}
hxg3 {[%clk 01:13:48]} {[%emt 00:00:57]} 21. fxg3 {[%clk 01:03:12]} {[%emt
00:00:17]} Rh3 {[%clk 01:12:04]} {[%emt 00:02:14]} 22. Rc2 {[%clk 01:02:25]}
{[%emt 00:01:16]} f5 {[%clk 01:09:33]} {[%emt 00:03:02]} 23. exf5 {[%clk
00:59:17]} {[%emt 00:03:37]} e4 {[%clk 01:08:57]} {[%emt 00:01:06]} 24. Qxg4
{[%clk 00:54:47]} {[%emt 00:04:59]} Qxg4 {[%clk 01:08:32]} {[%emt 00:00:55]}
25. Bxg4 {[%clk 00:54:44]} {[%emt 00:00:33]} Rh7 {[%clk 01:08:14]} {[%emt
00:00:48]} 26. Bd1 {[%clk 00:48:55]} {[%emt 00:06:18]} Rf8 {[%clk 01:07:16]}
{[%emt 00:01:29]} 27. b3 {[%clk 00:44:11]} {[%emt 00:05:14]} Rg7 {[%clk
01:06:43]} {[%emt 00:01:03]} 28. Rf2 {[%clk 00:44:15]} {[%emt 00:00:26]} Ne5
{[%clk 01:02:42]} {[%emt 00:04:31]} 29. Be2 {[%clk 00:42:59]} {[%emt 00:01:43]}
Bc6 {[%clk 01:02:01]} {[%emt 00:01:15]} 30. g4 {[%clk 00:20:24]} {[%emt
00:23:01]} Nf3+ {[%clk 01:02:02]} {[%emt 00:00:33]} 31. Bxf3 {[%clk 00:20:12]}
{[%emt 00:00:42]} exf3 {[%clk 01:02:22]} {[%emt 00:00:09]} 32. h3 {[%clk
00:20:24]} {[%emt 00:00:17]} Rh7 {[%clk 01:02:08]} {[%emt 00:00:47]} 33. Kh2
{[%clk 00:19:29]} {[%emt 00:01:24]} Rfh8 {[%clk 01:02:24]} {[%emt 00:00:15]}
34. Kg3 {[%clk 00:18:25]} {[%emt 00:01:34]} Rxh3+ {[%clk 01:02:33]} {[%emt
00:00:21]} 35. Kf4 {[%clk 00:18:47]} {[%emt 00:00:08]} Re8 {[%clk 01:00:44]}
{[%emt 00:02:18]} 36. Nc2 {[%clk 00:16:58]} {[%emt 00:02:19]} Rhh8 {[%clk
01:00:21]} {[%emt 00:00:54]} 37. c4 {[%clk 00:09:29]} {[%emt 00:08:00]} Kd7
{[%clk 00:59:37]} {[%emt 00:01:14]} 38. g5 {[%clk 00:06:21]} {[%emt 00:03:38]}
Ref8 {[%clk 00:59:10]} {[%emt 00:00:57]} 39. f6 {[%clk 00:06:35]} {[%emt
00:00:16]} Kd8 {[%clk 00:58:58]} {[%emt 00:00:42]} 40. Kf5 {[%clk 00:06:52]}
{[%emt 00:00:13]} Bd7+ {[%clk 00:59:05]} {[%emt 00:00:23]} 41. Kf4 {[%clk
00:06:57]} {[%emt 00:00:24]} Bc6 {[%clk 00:58:52]} {[%emt 00:00:44]} 42. Ke3
{[%clk 00:01:41]} {[%emt 00:05:44]} Rh4 {[%clk 00:57:57]} {[%emt 00:01:26]} 43.
Rg1 {[%clk 00:14:20]} {[%emt 00:02:49]} Re4+ {[%clk 01:12:01]} {[%emt
00:01:29]} 44. Kd2 {[%clk 00:14:11]} {[%emt 00:00:35]} Rf4 {[%clk 01:09:34]}
{[%emt 00:03:01]} 45. Rg3 {[%clk 00:10:47]} {[%emt 00:03:48]} Ke8 {[%clk
01:09:04]} {[%emt 00:01:06]} 46. Ne1 {[%clk 00:10:35]} {[%emt 00:00:38]} Rg8
{[%clk 01:06:40]} {[%emt 00:02:58]} 47. Nxf3 {[%emt 00:11:01]} Rxf3 {[%clk
01:06:11]} {[%emt 00:00:05]} 48. Rfxf3 {[%clk 00:00:49]} {[%emt 00:00:40]} Bxf3
{[%clk 01:06:22]} {[%emt 00:00:17]} 49. Rxf3 {[%emt 00:00:05]} Rxg5 {[%clk
01:06:38]} {[%emt 00:00:13]} 50. Kc3 {[%clk 00:01:27]} {[%emt 00:00:18]} Kf7
{[%clk 01:06:49]} {[%emt 00:00:20]} 0-1

[Event "DEM U10 2023"]
[Site "Willingen GER"]
[Date "2023.06.03"]
[Round "11"]
[White "Pflugbeil, Julian"]
[Black "Schmidt, Jossip"]
[Result "1-0"]
[Termination "normal"]
[Board "15"]
[WhiteElo "1242"]
[BlackElo "1276"]
[WhiteClock "01:11:10"]
[BlackClock "00:46:25"]
[PlyCount "117"]
[WhiteFideId "34608850"]
[BlackFideId "34621148"]
[EventCountry "GER"]
[EventRounds "11"]
[EventType "swiss"]
[EventDate "2023.05.27"]

1. e4 {[%clk 01:15:59]} d5 {[%clk 01:15:07]} {[%emt 00:00:53]} 2. exd5 {[%clk
01:16:21]} {[%emt 00:00:09]} Qxd5 {[%clk 01:14:54]} {[%emt 00:00:41]} 3. Nc3
{[%clk 01:16:41]} {[%emt 00:00:12]} Qd6 {[%clk 01:14:28]} {[%emt 00:00:54]} 4.
Nf3 {[%clk 01:17:06]} {[%emt 00:00:07]} a6 {[%clk 01:13:55]} {[%emt 00:01:03]}
5. d4 {[%clk 01:17:30]} {[%emt 00:00:06]} Nf6 {[%clk 01:12:55]} {[%emt
00:01:30]} 6. Be3 {[%clk 01:17:46]} {[%emt 00:00:14]} e6 {[%clk 01:11:52]}
{[%emt 00:01:32]} 7. Be2 {[%clk 01:18:09]} {[%emt 00:00:08]} Be7 {[%clk
01:10:37]} {[%emt 00:01:44]} 8. Qd2 {[%clk 01:14:23]} {[%emt 00:04:18]} b5
{[%clk 01:09:49]} {[%emt 00:01:17]} 9. O-O {[%clk 01:14:25]} {[%emt 00:00:28]}
O-O {[%clk 01:07:50]} {[%emt 00:02:28]} 10. Bf4 {[%clk 01:14:36]} {[%emt
00:00:20]} Qd8 {[%clk 01:07:29]} {[%emt 00:00:51]} 11. Ne5 {[%clk 01:13:12]}
{[%emt 00:01:54]} Bb7 {[%clk 01:06:55]} {[%emt 00:01:04]} 12. Rfe1 {[%clk
01:12:15]} {[%emt 00:01:27]} Bb4 {[%clk 01:04:41]} {[%emt 00:02:42]} 13. Bd3
{[%clk 01:11:25]} {[%emt 00:01:21]} Nd5 {[%clk 01:01:57]} {[%emt 00:03:13]} 14.
Bg3 {[%clk 01:10:57]} {[%emt 00:00:57]} Nxc3 {[%clk 01:00:15]} {[%emt
00:02:13]} 15. bxc3 {[%clk 01:10:41]} {[%emt 00:00:47]} Ba5 {[%clk 00:59:40]}
{[%emt 00:01:05]} 16. Re3 {[%clk 01:09:39]} {[%emt 00:01:31]} Kh8 {[%clk
00:54:51]} {[%emt 00:05:18]} 17. Qe2 {[%clk 01:07:57]} {[%emt 00:02:14]} f6
{[%clk 00:48:25]} {[%emt 00:06:55]} 18. Qh5 {[%clk 01:07:49]} {[%emt 00:00:39]}
f5 {[%clk 00:48:15]} {[%emt 00:00:41]} 19. Ng6+ {[%clk 01:07:41]} {[%emt
00:00:37]} Kg8 {[%clk 00:48:15]} {[%emt 00:00:30]} 20. Nxf8 {[%clk 01:07:55]}
{[%emt 00:00:16]} Qxf8 {[%clk 00:48:24]} {[%emt 00:00:21]} 21. Rxe6 {[%clk
01:08:02]} {[%emt 00:00:23]} g6 {[%clk 00:48:38]} {[%emt 00:00:16]} 22. Qg5
{[%clk 01:08:24]} {[%emt 00:00:07]} Nd7 {[%clk 00:47:34]} {[%emt 00:01:36]} 23.
Rae1 {[%clk 01:08:23]} {[%emt 00:00:27]} Bxc3 {[%clk 00:47:03]} {[%emt
00:01:05]} 24. R1e2 {[%clk 01:08:24]} {[%emt 00:00:28]} Bxd4 {[%clk 00:46:54]}
{[%emt 00:00:39]} 25. Bxc7 {[%clk 01:06:19]} {[%emt 00:02:37]} Nc5 {[%clk
00:43:52]} {[%emt 00:03:32]} 26. Rd6 {[%clk 01:06:15]} {[%emt 00:00:34]} Bg7
{[%clk 00:43:40]} {[%emt 00:00:42]} 27. Rd8 {[%clk 01:05:21]} {[%emt 00:01:24]}
Rxd8 {[%clk 00:43:41]} {[%emt 00:00:29]} 28. Qxd8 {[%clk 01:05:07]} {[%emt
00:00:43]} Qxd8 {[%clk 00:43:54]} {[%emt 00:00:17]} 29. Bxd8 {[%clk 01:05:32]}
{[%emt 00:00:05]} Kf7 {[%clk 00:44:03]} {[%emt 00:00:22]} 30. Re7+ {[%clk
01:05:07]} {[%emt 00:00:55]} Kf8 {[%clk 00:44:12]} {[%emt 00:00:21]} 31. Rc7
{[%clk 01:05:27]} {[%emt 00:00:10]} Nxd3 {[%clk 00:43:37]} {[%emt 00:01:05]}
32. cxd3 {[%clk 01:05:35]} {[%emt 00:00:22]} Bd5 {[%clk 00:43:51]} {[%emt
00:00:15]} 33. a3 {[%clk 01:05:30]} {[%emt 00:00:36]} a5 {[%clk 00:43:28]}
{[%emt 00:00:54]} 34. Rc5 {[%clk 01:05:47]} {[%emt 00:00:12]} Bb3 {[%clk
00:43:20]} {[%emt 00:00:38]} 35. Rxb5 {[%clk 01:06:10]} {[%emt 00:00:07]} a4
{[%clk 00:43:41]} {[%emt 00:00:09]} 36. Ba5 {[%clk 01:05:30]} {[%emt 00:01:08]}
Bb2 {[%clk 00:43:43]} {[%emt 00:00:30]} 37. Bb4+ {[%clk 01:05:53]} {[%emt
00:00:07]} Kg7 {[%clk 00:43:58]} {[%emt 00:00:15]} 38. Rc5 {[%clk 01:05:54]}
{[%emt 00:00:29]} Bd4 {[%clk 00:43:52]} {[%emt 00:00:35]} 39. Bc3 {[%clk
01:06:17]} {[%emt 00:00:09]} Bxc3 {[%clk 00:43:39]} {[%emt 00:00:42]} 40. Rxc3
{[%clk 01:06:39]} {[%emt 00:00:08]} Kf6 {[%clk 00:44:03]} {[%emt 00:00:06]} 41.
Kf1 {[%clk 01:07:04]} {[%emt 00:00:05]} Ke5 {[%clk 00:43:40]} {[%emt 00:00:53]}
42. Ke2 {[%clk 01:05:28]} {[%emt 00:02:04]} Bd5 {[%clk 00:41:57]} {[%emt
00:02:14]} 43. g3 {[%clk 01:05:44]} {[%emt 00:00:14]} Bb3 {[%clk 00:42:22]}
{[%emt 00:00:06]} 44. Ke3 {[%clk 01:06:08]} {[%emt 00:00:05]} g5 {[%clk
00:42:33]} {[%emt 00:00:17]} 45. d4+ {[%clk 01:06:27]} {[%emt 00:00:13]} Ke6
{[%clk 00:42:49]} {[%emt 00:00:14]} 46. Kd3 {[%clk 01:06:04]} {[%emt 00:00:53]}
Kf6 {[%clk 00:42:34]} {[%emt 00:00:44]} 47. Rxb3 {[%clk 01:06:24]} {[%emt
00:00:10]} axb3 {[%clk 00:42:59]} {[%emt 00:00:05]} 48. a4 {[%clk 01:06:42]}
{[%emt 00:00:13]} Ke6 {[%clk 00:43:21]} {[%emt 00:00:08]} 49. Kc3 {[%clk
01:07:06]} {[%emt 00:00:06]} Kd6 {[%clk 00:43:09]} {[%emt 00:00:42]} 50. Kxb3
{[%clk 01:07:30]} {[%emt 00:00:05]} Kc6 {[%clk 00:43:35]} {[%emt 00:00:06]} 51.
Kc4 {[%clk 01:07:54]} {[%emt 00:00:05]} f4 {[%clk 00:43:57]} {[%emt 00:00:08]}
52. d5+ {[%clk 01:08:18]} {[%emt 00:00:06]} Kd6 {[%clk 00:44:20]} {[%emt
00:00:07]} 53. a5 {[%clk 01:08:45]} {[%emt 00:00:03]} fxg3 {[%clk 00:44:40]}
{[%emt 00:00:10]} 54. fxg3 {[%clk 01:09:10]} {[%emt 00:00:05]} h5 {[%clk
00:44:57]} {[%emt 00:00:12]} 55. a6 {[%clk 01:09:37]} {[%emt 00:00:04]} Kc7
{[%clk 00:45:21]} {[%emt 00:00:06]} 56. d6+ {[%clk 01:10:02]} {[%emt 00:00:05]}
Kxd6 {[%clk 00:45:39]} {[%emt 00:00:12]} 57. a7 {[%clk 01:10:28]} {[%emt
00:00:04]} Ke5 {[%clk 00:45:58]} {[%emt 00:00:11]} 58. a8=Q {[%clk 01:10:51]}
{[%emt 00:00:07]} Kf5 {[%clk 00:46:25]} {[%emt 00:00:03]} 59. Qf3+ {[%clk
01:11:10]} {[%emt 00:00:11]} 1-0

[Event "DEM U10 2023"]
[Site "Willingen GER"]
[Date "2023.06.03"]
[Round "11"]
[White "Hildebrand, Azat"]
[Black "Gendzelevsky, Stefan"]
[Result "1-0"]
[Termination "normal"]
[Board "16"]
[WhiteElo "1502"]
[BlackElo "1442"]
[WhiteClock "00:17:19"]
[BlackClock "00:48:07"]
[PlyCount "99"]
[WhiteFideId "34607536"]
[BlackFideId "34637672"]
[EventCountry "GER"]
[EventRounds "11"]
[EventType "swiss"]
[EventDate "2023.05.27"]

1. d4 {[%clk 01:15:57]} {[%emt 00:00:02]} d5 {[%clk 01:15:55]} {[%emt
00:00:05]} 2. Nf3 {[%clk 01:16:08]} {[%emt 00:00:19]} Nf6 {[%clk 01:16:16]}
{[%emt 00:00:10]} 3. e3 {[%clk 01:16:17]} {[%emt 00:00:21]} e6 {[%clk
01:16:39]} {[%emt 00:00:07]} 4. Bd3 {[%clk 01:16:15]} {[%emt 00:00:32]} Bd6
{[%clk 01:16:46]} {[%emt 00:00:22]} 5. Nbd2 {[%clk 01:16:17]} {[%emt 00:00:29]}
c5 {[%clk 01:17:07]} {[%emt 00:00:09]} 6. c3 {[%clk 01:16:34]} {[%emt
00:00:13]} O-O {[%clk 01:17:28]} {[%emt 00:00:08]} 7. O-O {[%clk 01:16:35]}
{[%emt 00:00:29]} Nc6 {[%clk 01:17:46]} {[%emt 00:00:11]} 8. dxc5 {[%clk
01:16:21]} {[%emt 00:00:45]} Bxc5 {[%clk 01:18:01]} {[%emt 00:00:16]} 9. b4
{[%clk 01:16:20]} {[%emt 00:00:31]} Bd6 {[%clk 01:18:17]} {[%emt 00:00:13]} 10.
Bb2 {[%clk 01:15:17]} {[%emt 00:01:34]} e5 {[%clk 01:18:04]} {[%emt 00:00:43]}
11. e4 {[%clk 01:14:38]} {[%emt 00:01:09]} d4 {[%clk 01:13:17]} {[%emt
00:05:17]} 12. b5 {[%clk 01:12:50]} {[%emt 00:02:18]} dxc3 {[%clk 01:09:55]}
{[%emt 00:03:52]} 13. Bxc3 {[%clk 01:13:07]} {[%emt 00:00:14]} Bc7 {[%clk
01:06:24]} {[%emt 00:03:59]} 14. Nb3 {[%clk 01:06:01]} {[%emt 00:07:37]} Nb8
{[%clk 00:58:21]} {[%emt 00:08:33]} 15. Bxe5 {[%clk 01:02:18]} {[%emt
00:04:13]} Re8 {[%clk 00:55:16]} {[%emt 00:03:33]} 16. Bxc7 {[%clk 01:00:10]}
{[%emt 00:02:40]} Qxc7 {[%clk 00:55:37]} {[%emt 00:00:08]} 17. Rc1 {[%clk
00:58:38]} {[%emt 00:02:03]} Qb6 {[%clk 00:54:47]} {[%emt 00:01:16]} 18. Qc2
{[%clk 00:54:02]} {[%emt 00:05:11]} Bg4 {[%clk 00:54:11]} {[%emt 00:01:01]} 19.
Nbd4 {[%clk 00:47:12]} {[%emt 00:07:24]} Nbd7 {[%clk 00:53:47]} {[%emt
00:00:52]} 20. Rfe1 {[%clk 00:40:31]} {[%emt 00:07:13]} Rac8 {[%clk 00:53:21]}
{[%emt 00:00:56]} 21. Qxc8 {[%clk 00:38:19]} {[%emt 00:02:42]} Rxc8 {[%clk
00:52:33]} {[%emt 00:01:18]} 22. Rxc8+ {[%clk 00:38:43]} {[%emt 00:00:06]} Nf8
{[%clk 00:52:57]} {[%emt 00:00:05]} 23. Nf5 {[%clk 00:37:24]} {[%emt 00:01:49]}
g6 {[%clk 00:49:10]} {[%emt 00:04:17]} 24. Nh6+ {[%clk 00:33:23]} {[%emt
00:04:32]} Kg7 {[%clk 00:49:33]} {[%emt 00:00:06]} 25. Nxg4 {[%clk 00:33:33]}
{[%emt 00:00:21]} Nxg4 {[%clk 00:49:55]} {[%emt 00:00:07]} 26. Re2 {[%clk
00:30:27]} {[%emt 00:03:37]} Qf6 {[%clk 00:47:52]} {[%emt 00:02:27]} 27. h3
{[%clk 00:28:17]} {[%emt 00:02:46]} Ne5 {[%clk 00:46:57]} {[%emt 00:01:25]} 28.
Nxe5 {[%emt 00:00:39]} Qxe5 {[%clk 00:47:16]} {[%emt 00:00:07]} 29. Bc4 {[%clk
00:24:33]} {[%emt 00:04:09]} Qa1+ {[%clk 00:46:59]} {[%emt 00:00:45]} 30. Kh2
{[%clk 00:24:52]} {[%emt 00:00:12]} Qe5+ {[%clk 00:47:21]} {[%emt 00:00:08]}
31. Kg1 {[%clk 00:24:57]} {[%emt 00:00:26]} Qa1+ {[%clk 00:47:38]} {[%emt
00:00:07]} 32. Kh2 {[%clk 00:25:26]} Qe5+ {[%clk 00:48:01]} {[%emt 00:00:14]}
33. g3 {[%clk 00:25:03]} {[%emt 00:00:53]} Ne6 {[%clk 00:48:09]} {[%emt
00:00:21]} 34. Bxe6 {[%clk 00:22:27]} {[%emt 00:03:06]} Qxe6 {[%clk 00:48:25]}
{[%emt 00:00:14]} 35. Rc7 {[%clk 00:22:20]} {[%emt 00:00:38]} Qb6 {[%clk
00:48:11]} {[%emt 00:00:40]} 36. Rec2 {[%clk 00:21:00]} {[%emt 00:01:54]} Qxb5
{[%clk 00:47:53]} {[%emt 00:00:48]} 37. Re7 {[%clk 00:20:05]} {[%emt 00:01:25]}
Qb6 {[%clk 00:47:40]} {[%emt 00:00:41]} 38. Kg2 {[%clk 00:20:03]} {[%emt
00:00:33]} Qa6 {[%clk 00:47:24]} {[%emt 00:00:45]} 39. Rcc7 {[%clk 00:19:52]}
{[%emt 00:00:41]} Qxa2 {[%clk 00:47:01]} {[%emt 00:00:53]} 40. Rxb7 {[%clk
00:19:44]} {[%emt 00:00:38]} a5 {[%clk 00:47:10]} {[%emt 00:00:21]} 41. Ra7
{[%clk 00:18:41]} {[%emt 00:01:33]} a4 {[%clk 00:47:10]} {[%emt 00:00:31]} 42.
Ra5 {[%clk 00:18:00]} {[%emt 00:01:11]} a3 {[%clk 00:47:04]} {[%emt 00:00:35]}
43. Rea7 {[%clk 00:18:07]} {[%emt 00:00:24]} Qe2 {[%clk 00:47:18]} {[%emt
00:00:12]} 44. Rxa3 {[%clk 00:18:05]} {[%emt 00:00:34]} Qxe4+ {[%clk 00:47:39]}
{[%emt 00:00:09]} 45. Rf3 {[%clk 00:18:12]} {[%emt 00:00:23]} Qc6 {[%clk
00:47:49]} {[%emt 00:00:19]} 46. Raxf7+ {[%clk 00:18:22]} {[%emt 00:00:22]} Kh6
{[%clk 00:48:01]} {[%emt 00:00:17]} 47. Kh2 {[%clk 00:17:33]} {[%emt 00:01:18]}
Qd6 {[%clk 00:48:18]} {[%emt 00:00:12]} 48. R3f4 {[%clk 00:17:17]} {[%emt
00:00:48]} Kh5 {[%clk 00:47:54]} {[%emt 00:00:54]} 49. Rxh7+ {[%clk 00:17:02]}
{[%emt 00:00:45]} Kg5 {[%clk 00:48:07]} {[%emt 00:00:17]} 50. h4# {[%clk
00:17:19]} {[%emt 00:00:12]} 1-0

[Event "DEM U10 2023"]
[Site "Willingen GER"]
[Date "2023.06.03"]
[Round "11"]
[White "Fels, Mattis"]
[Black "Brückner, Julian"]
[Result "1-0"]
[Termination "normal"]
[Board "17"]
[WhiteElo "1682"]
[BlackElo "1681"]
[WhiteClock "00:31:12"]
[BlackClock "00:30:31"]
[PlyCount "77"]
[WhiteFideId "34623795"]
[BlackFideId "34630031"]
[EventCountry "GER"]
[EventRounds "11"]
[EventType "swiss"]
[EventDate "2023.05.27"]

1. d4 {[%clk 01:15:59]} d5 {[%clk 01:15:49]} {[%emt 00:00:11]} 2. Nc3 {[%clk
01:16:25]} {[%emt 00:00:05]} Nf6 {[%clk 01:16:08]} {[%emt 00:00:11]} 3. Bf4
{[%clk 01:16:53]} {[%emt 00:00:02]} c5 {[%clk 01:16:13]} {[%emt 00:00:25]} 4.
e3 {[%clk 01:17:17]} {[%emt 00:00:07]} cxd4 {[%clk 01:16:30]} {[%emt 00:00:13]}
5. exd4 {[%clk 01:17:41]} {[%emt 00:00:06]} a6 {[%clk 01:16:42]} {[%emt
00:00:18]} 6. Nf3 {[%clk 01:18:03]} {[%emt 00:00:08]} Nc6 {[%clk 01:16:33]}
{[%emt 00:00:39]} 7. Ne5 {[%clk 01:18:12]} {[%emt 00:00:21]} Bd7 {[%clk
01:16:06]} {[%emt 00:00:56]} 8. Nxd7 {[%clk 01:18:24]} {[%emt 00:00:19]} Qxd7
{[%clk 01:16:00]} {[%emt 00:00:36]} 9. Be2 {[%clk 01:18:27]} {[%emt 00:00:26]}
e6 {[%clk 01:15:28]} {[%emt 00:01:02]} 10. O-O {[%clk 01:18:49]} {[%emt
00:00:08]} Bd6 {[%clk 01:15:02]} {[%emt 00:00:57]} 11. Bxd6 {[%clk 01:19:01]}
{[%emt 00:00:18]} Qxd6 {[%clk 01:13:57]} {[%emt 00:01:35]} 12. Na4 {[%clk
01:19:10]} {[%emt 00:00:22]} O-O {[%clk 01:10:58]} {[%emt 00:03:27]} 13. c3
{[%clk 01:18:58]} {[%emt 00:00:43]} b5 {[%clk 01:07:20]} {[%emt 00:04:05]} 14.
Nc5 {[%clk 01:18:49]} {[%emt 00:00:42]} e5 {[%clk 01:05:56]} {[%emt 00:01:53]}
15. dxe5 {[%clk 01:14:30]} {[%emt 00:04:50]} Nxe5 {[%clk 01:03:29]} {[%emt
00:02:54]} 16. Nb3 {[%clk 01:13:41]} {[%emt 00:01:21]} Rac8 {[%clk 01:00:47]}
{[%emt 00:03:13]} 17. Qc2 {[%clk 00:55:11]} {[%emt 00:18:59]} b4 {[%clk
00:54:55]} {[%emt 00:06:23]} 18. f4 {[%clk 00:47:52]} {[%emt 00:07:48]} Qb6+
{[%clk 00:54:21]} {[%emt 00:01:04]} 19. Kh1 {[%clk 00:47:40]} {[%emt 00:00:43]}
Neg4 {[%clk 00:54:29]} {[%emt 00:00:19]} 20. Bxg4 {[%clk 00:47:14]} {[%emt
00:00:58]} Nxg4 {[%clk 00:54:51]} {[%emt 00:00:07]} 21. Qe2 {[%clk 00:46:57]}
{[%emt 00:00:48]} Ne3 {[%clk 00:54:39]} {[%emt 00:00:42]} 22. Rf3 {[%clk
00:47:15]} {[%emt 00:00:13]} Nc4 {[%clk 00:53:42]} {[%emt 00:01:25]} 23. Rd1
{[%clk 00:46:14]} {[%emt 00:01:33]} Rfe8 {[%clk 00:49:26]} {[%emt 00:04:42]}
24. Qf2 {[%clk 00:39:42]} {[%emt 00:07:06]} Qxf2 {[%clk 00:41:33]} {[%emt
00:08:23]} 25. Rxf2 {[%clk 00:40:06]} {[%emt 00:00:06]} Ne3 {[%clk 00:41:36]}
{[%emt 00:00:26]} 26. Re1 {[%clk 00:39:40]} {[%emt 00:00:58]} bxc3 {[%clk
00:41:53]} {[%emt 00:00:12]} 27. bxc3 {[%clk 00:39:25]} {[%emt 00:00:45]} Rxc3
{[%clk 00:41:29]} {[%emt 00:00:53]} 28. Rfe2 {[%clk 00:38:24]} {[%emt
00:01:31]} Re4 {[%clk 00:36:27]} {[%emt 00:05:30]} 29. Nd2 {[%clk 00:38:04]}
{[%emt 00:00:53]} Re6 {[%clk 00:34:56]} {[%emt 00:01:51]} 30. Nb3 {[%clk
00:34:38]} {[%emt 00:04:06]} Rd3 {[%clk 00:32:53]} {[%emt 00:02:30]} 31. Nc5
{[%clk 00:33:15]} {[%emt 00:01:55]} Ng4 {[%clk 00:30:14]} {[%emt 00:03:02]} 32.
Nxd3 {[%clk 00:32:54]} {[%emt 00:00:58]} Rxe2 {[%clk 00:29:34]} {[%emt
00:01:10]} 33. Rxe2 {[%clk 00:31:32]} {[%emt 00:01:52]} f6 {[%clk 00:29:42]}
{[%emt 00:00:21]} 34. Nb4 {[%clk 00:30:39]} {[%emt 00:01:25]} a5 {[%clk
00:29:37]} {[%emt 00:00:35]} 35. Nxd5 {[%clk 00:30:57]} {[%emt 00:00:13]} Kf7
{[%clk 00:29:45]} {[%emt 00:00:20]} 36. Re7+ {[%clk 00:30:29]} {[%emt
00:00:59]} Kg6 {[%clk 00:30:05]} {[%emt 00:00:10]} 37. Ra7 {[%clk 00:30:39]}
{[%emt 00:00:20]} Nf2+ {[%clk 00:30:27]} {[%emt 00:00:08]} 38. Kg1 {[%clk
00:31:02]} {[%emt 00:00:07]} Nd3 {[%clk 00:30:31]} {[%emt 00:00:24]} 39. Rxa5
{[%clk 00:31:12]} {[%emt 00:00:22]} 1-0